Discurso de incorporación leído por el Excmo. Sr. D. Arturo Alessandri Palma en la Sesión Solemne celebrada en 6 de diciembre de 1935
Gespeichert in:
| 1. Verfasser: | |
|---|---|
| Körperschaft: | |
| Format: | Buch |
| Sprache: | Spanisch |
| Veröffentlicht: |
Santiago
Dirección General de Prisiones, Imprenta
1935
|
| Ausgabe: | 1a. ed |
| Schlagworte: | |
| Tags: |
Tag hinzufügen
Keine Tags, Fügen Sie den ersten Tag hinzu!
|
MARC
| LEADER | 00000nam a2200000 a 4500 | ||
|---|---|---|---|
| 001 | UCJ6315 | ||
| 003 | CL-VaPUC | ||
| 005 | 20240821145007.0 | ||
| 008 | 070124e19351215CL |||||||||||||||||spa|d | ||
| 999 | |c 322423 |d 322421 | ||
| 040 | |c Pontificia Universidad Católica de Valparaíso | ||
| 082 | 0 | 4 | |a Ch865 |b ALE |2 21 |
| 100 | |a Alessandri Palma, Arturo |e author |9 268143 | ||
| 110 | 2 | |a Academia Chilena de la Lengua |e author |9 512835 | |
| 245 | 1 | 0 | |a Discurso de incorporación leído por el Excmo. Sr. D. Arturo Alessandri Palma en la Sesión Solemne celebrada en 6 de diciembre de 1935 |
| 250 | |a 1a. ed | ||
| 260 | |a Santiago |b Dirección General de Prisiones, Imprenta |c 1935 | ||
| 300 | |a 153 p | ||
| 500 | |a Dedicatoria autógrafa del Presidente de Chile Don Arturo Alessandri Palma | ||
| 583 | |a last modification |c 20070124 00:00:00 |k Rodrigo Vera | ||
| 600 | 0 | |a Orrego Luco, Augusto, |d 1848-1933 |9 878325 | |
| 650 | 0 | |a Discursos |9 265028 | |
| 650 | 7 | |a BIOGRAFIA |2 CL-VaPUC |9 504622 | |
| 650 | 0 | |a Oratoria |9 307605 | |
| 650 | 0 | |a Oradores |9 439350 | |
| 650 | 0 | |a Parlamentarismo |9 315379 | |
| 650 | 0 | |a Prensa y periodismo |z Chile |9 504409 | |
| 650 | 0 | |a Autógrafos |9 446110 | |
| 942 | |c BK |2 ddc | ||
| 945 | |d 20070124 00:00:00 |a rinostro | ||
| 952 | |0 0 |1 0 |4 0 |6 CH_865_000000000000000_ALE_1935 |7 0 |8 X |9 401409 |a FDOBUD |b FDOBUD |d 2019-11-22 |i 1046691 |o Ch865 ALE 1935 |p 1046691 |r 2019-11-22 |w 2019-11-22 |y BK_X |k BUD | ||